000 00957nam a22003017a 4500
999 _c771
_d771
001 003405
003 CoMeUDC003405
005 20190115201143.0
008 980917s1998 ck b 000 0 spa
010 _a 98197842
020 _a9589100104
040 _aDLC
_cCoMeUDC
_dDLC
042 _apcc
043 _as-ck---
050 0 0 _aKHH1130
_b.G66 1998
082 0 0 _a346.092
_221
_bG633
100 1 _aGómez Duque, Arturo.
245 1 3 _aEl título valor frente a su causa /
_cArturo Gómez Duque.
250 _a1. ed.
260 _aMedellín :
_bSeñal Editora,
_c1998.
300 _a198 p. ;
_c21 cm.
504 _aIncludes bibliographical references (p. 197-198).
650 0 _aInstrumentos negociables.
_zColombia.
_91080
650 0 _aNegotiable instruments.
906 _a7
_bcbc
_corignew
_d2
_encip
_f19
_gy-gencatlg
942 _2ddc
_cBK